| 000 | 00650nam a22002057a 4500 | ||
|---|---|---|---|
| 003 | 0 | ||
| 005 | 20240425103243.0 | ||
| 008 | 240425b xxu||||| |||| 00| 0 eng d | ||
| 020 | _a978-1-4063-9585-3 | ||
| 050 |
_aER _bBig592 2016 |
||
| 082 |
_aER _bBig592 2016 |
||
| 100 | _aHowe, James | ||
| 245 |
_aBig bob, little bob _cJames Howe ; illustrated by Laura Ellen Anderson |
||
| 260 |
_aLondon _bWalker Books and Subsidiaries _cc2016. |
||
| 300 |
_aunpaged : _bcolored illustrations and pictures ; _c22cm. |
||
| 650 | _aBoys--Juvenile Fiction. | ||
| 650 | _aChildren's stories. | ||
| 650 | _aFriendship--Juvenile Fiction. | ||
| 942 |
_2ddc _cBK |
||
| 999 |
_c365962 _d365962 |
||